| 000 | 00000nam 2200000zi 4500 |
| 001 | 9.944339 |
| 003 | CaOODSP |
| 005 | 20250129151235 |
| 006 | m o d f |
| 007 | cr mn||||||||| |
| 008 | 241022e202412##quca obs f000 0 fre d |
| 020 | |a9780660741055 |
| 040 | |aCaOODSP|bfre|erda|cCaOODSP |
| 043 | |an-cn--- |
| 045 | |ay1y2 |
| 086 | 1 |aEn4-144/65-2024F-PDF |
| 245 | 00|aIndicateurs canadiens de durabilité de l'environnement : |bespèces exotiques envahissants au Canada. |
| 246 | 10|aEspèces exotiques envahissants au Canada |
| 250 | |a[Édition de décembre 2024]. |
| 264 | 1|aGatineau (Québec) : |bEnvironnement et changement climatique Canada = Environment and Climate Change Canada, |cdécembre 2024. |
| 264 | 4|c©2024 |
| 300 | |a1 ressource en ligne (12 pages) : |billustration en couleur |
| 336 | |atexte|btxt|2rdacontent/fre |
| 337 | |ainformatique|bc|2rdamedia/fre |
| 338 | |aressource en ligne|bcr|2rdacarrier/fre |
| 500 | |aPublié aussi en anglais sous le titre : Canadian environmental sustainability indicators: invasive alien species in Canada. |
| 500 | |a« Code de projet : EC24019 » -- Page 2. |
| 504 | |aComprend des références bibliographiques. |
| 520 | |a« Les végétaux, les animaux et les microorganismes qui se sont introduits dans des écosystèmes à l'extérieur de leur aire d'indigénat sont appelés « espèces exotiques ». Lorsque l'introduction et la propagation de ces espèces exotiques représentent une menace pour leur nouvel environnement, l'économie ou la société (y compris la santé humaine), elles sont considérées comme envahissantes. Les espèces exotiques envahissantes peuvent nuire à l'environnement et à l'économie, aux cours d'eau, à l'approvisionnement alimentaire et aux ressources naturelles. Aux fins du présent indicateur, une espèce est considérée comme « établie » lorsqu'il existe une population reproductrice de cette espèce au Canada et que les mesures de son éradication ont été abandonnées. De plus, une espèce est considérée comme « réglementée » uniquement si elle fait l'objet de mesures réglementaires de portée fédérale. Le présent indicateur fait état du nombre d'espèces exotiques envahissantes réglementées par le gouvernement fédéral qui se sont établies au Canada depuis 2012 » -- Page 5. |
| 650 | 6|aEspèces introduites|zCanada|vStatistiques. |
| 650 | 6|aIndicateurs écologiques|zCanada. |
| 655 | 7|aStatistiques|2rvmgf |
| 710 | 1 |aCanada. |bEnvironnement et changement climatique Canada, |eorganisme de publication. |
| 775 | 08|tCanadian environmental sustainability indicators : |w(CaOODSP)9.944337 |
| 795 | |tIndicateurs canadiens de durabilité de l'environnement : |b(Février 2017)|w(CaOODSP)9.816913 |
| 856 | 40|qPDF|s551 Ko|uhttps://publications.gc.ca/collections/collection_2025/eccc/en4/En4-144-65-2024-fra.pdf |
| 856 | 4 |qHTML|sS.O.|uhttps://www.canada.ca/fr/environnement-changement-climatique/services/indicateurs-environnementaux/especes-exotiques-envahissantes.html |
| 986 | |aEC24019 |